000 01261nam0a2200325 4500
001 RU\NLR\BIBL_A\022008466
005 20230904161021.0
010 _a978-5-907568-60-0
_938
021 _aRU
_bКН-П-23-044957
_9КН-П-23-4501
035 _a(NLR Aleph) 022008466
035 _a(RuMoRGB)011934672
090 _a12476494
_c12476494
100 _a20230821d2023 u y0rusy50 ca
101 0 _arus
102 _aRU
105 _aac z 000gy
181 0 _ai3
_baxxe
181 0 _ab2
_bxb2e
182 1 _an
200 1 _aПриключения братьев-котов Макса и Диего
_e(новые свершения)
_e[сказка в стихах
_eдетям и взрослым]
_fТакижбаева Ольга
_g[иллюстрации автора]
203 _aТекст
_aИзображение
_bвизуальные
_cнепосредственные
210 _aРязань
_cКоняхин А. В.
_d2023
215 _a107 с.
_cцв. ил., портр.
_d20х29
686 0 _aШ9(2)60=Р7-5
700 1 _aТакижбаева
_bО. Г.
_gОльга Григорьевна
942 _cBOOK
980 _aNB